[Event "Bundesliga 0102"]
[Site "Deutschland"]
[Date "2002.03.16"]
[Round "10.8"]
[White "Wendt, Jan Dietrich"]
[Black "Rudolf, Henrik"]
[Result "1/2-1/2"]
[WhiteElo "2285"]
[BlackElo "2328"]
[PlyCount "60"]
[EventDate "2001.10.06"]
[EventType "team"]
[EventRounds "15"]
[EventCountry "GER"]
[SourceTitle "Bundesliga 0102"]
[Source "DeepChess"]
[SourceDate "2005.01.01"]
[SourceVersion "1"]
[SourceVersionDate "2005.01.01"]
[SourceQuality "1"]
[WhiteTeam "SC Koenigsspringer 1984 Hamburg"]
[BlackTeam "SF Neukoelln 03 e.V."]
[WhiteTeamCountry "GER"]
[BlackTeamCountry "GER"]

1. Nf3 g6 2. d4 Bg7 3. c4 Nf6 4. g3 O-O 5. Bg2 d6 6. O-O Nbd7 7. Qc2 c5 8. Rd1
a6 9. Nc3 Rb8 10. b3 b5 11. cxb5 axb5 12. Bb2 Bb7 13. Rac1 Qa5 14. Qd2 Rfc8 15.
Nd5 Qxd2 16. Nxf6+ Bxf6 17. Rxd2 c4 18. Ne1 Bxg2 19. Nxg2 d5 20. Rdc2 Nb6 21.
Ba3 Ra8 22. Bc5 Nd7 23. Bb4 e6 24. e3 Rc6 25. Nf4 Rca6 26. a3 Nb6 27. Ne2 Nd7
28. Rb1 Bg7 29. Nc3 Rb8 30. Kf1 h5 1/2-1/2

[Event "Bundesliga 0102"]
[Site "Deutschland"]
[Date "2002.03.16"]
[Round "10.1"]
[White "Beliavsky, Alexander G"]
[Black "Lutz, Christopher"]
[Result "1/2-1/2"]
[WhiteElo "2659"]
[BlackElo "2643"]
[PlyCount "103"]
[EventDate "2001.10.06"]
[EventType "team"]
[EventRounds "15"]
[EventCountry "GER"]
[SourceTitle "Bundesliga 0102"]
[Source "DeepChess"]
[SourceDate "2005.01.01"]
[SourceVersion "1"]
[SourceVersionDate "2005.01.01"]
[SourceQuality "1"]
[WhiteTeam "SK Koenig Plauen"]
[BlackTeam "SG Porz e.V."]
[WhiteTeamCountry "GER"]
[BlackTeamCountry "GER"]

1. d4 Nf6 2. c4 e6 3. Nf3 b6 4. g3 Ba6 5. b3 Bb4+ 6. Bd2 Be7 7. Bg2 c6 8. Bc3
d5 9. Ne5 Nfd7 10. Nxd7 Nxd7 11. Nd2 O-O 12. O-O Nf6 13. Qc2 Rc8 14. Rfd1 Qc7
15. e4 c5 16. dxc5 dxc4 17. cxb6 cxb3 18. axb3 Qxb6 19. Qb2 Be2 20. Re1 Bd3 21.
Bf1 Bxf1 22. Rxf1 a6 23. Nc4 Qc6 24. f3 Rfd8 25. Kg2 Qb7 26. Qc2 Rb8 27. Rab1
Qb5 28. Rfc1 h6 29. Be1 Bb4 30. Bf2 Nd7 31. Rd1 Ne5 32. Nxe5 Qxe5 33. Rxd8+
Rxd8 34. Rd1 Rxd1 35. Qxd1 Qc7 36. Qd3 Qb7 37. g4 Be7 38. h4 g6 39. Qc4 Bf8 40.
Bd4 Bg7 41. Bxg7 Kxg7 42. g5 hxg5 43. hxg5 e5 44. Qc3 Kg8 45. b4 Qb5 46. Kf2
Qb6+ 47. Kf1 Qd8 48. Qe3 Qd1+ 49. Kf2 Qc2+ 50. Qe2 Qc3 51. Qxa6 Qxb4 52. Qf6
1/2-1/2

[Event "Bundesliga 0102"]
[Site "Deutschland"]
[Date "2002.03.16"]
[Round "10.4"]
[White "Andersson, Ulf"]
[Black "Boensch, Uwe"]
[Result "1/2-1/2"]
[WhiteElo "2601"]
[BlackElo "2542"]
[PlyCount "39"]
[EventDate "2001.10.06"]
[EventType "team"]
[EventRounds "15"]
[EventCountry "GER"]
[SourceTitle "Bundesliga 0102"]
[Source "DeepChess"]
[SourceDate "2005.01.01"]
[SourceVersion "1"]
[SourceVersionDate "2005.01.01"]
[SourceQuality "1"]
[WhiteTeam "SG Porz e.V."]
[BlackTeam "SK Koenig Plauen"]
[WhiteTeamCountry "GER"]
[BlackTeamCountry "GER"]

1. Nf3 d5 2. d4 Nf6 3. c4 e6 4. Nc3 Be7 5. Bg5 h6 6. Bh4 O-O 7. e3 b6 8. Bd3
Bb7 9. O-O Ne4 10. Bg3 c5 11. Rc1 Nd7 12. Qe2 cxd4 13. exd4 Nxg3 14. hxg3 dxc4
15. Bxc4 Nf6 16. Rfd1 Bb4 17. Ne5 Bxc3 18. bxc3 Rc8 19. Ba6 Qd5 20. Bxb7
1/2-1/2

[Event "Bundesliga 0102"]
[Site "Deutschland"]
[Date "2002.03.16"]
[Round "10.5"]
[White "Kindermann, Stefan"]
[Black "Hansen, Curt"]
[Result "1/2-1/2"]
[WhiteElo "2520"]
[BlackElo "2626"]
[PlyCount "53"]
[EventDate "2001.10.06"]
[EventType "team"]
[EventRounds "15"]
[EventCountry "GER"]
[SourceTitle "Bundesliga 0102"]
[Source "DeepChess"]
[SourceDate "2005.01.01"]
[SourceVersion "1"]
[SourceVersionDate "2005.01.01"]
[SourceQuality "1"]
[WhiteTeam "SK Koenig Plauen"]
[BlackTeam "SG Porz e.V."]
[WhiteTeamCountry "GER"]
[BlackTeamCountry "GER"]

1. e4 c5 2. Nf3 e6 3. b3 b6 4. d4 cxd4 5. Nxd4 Bb7 6. Bd3 Bb4+ 7. c3 Be7 8. O-O
Nc6 9. Nxc6 Bxc6 10. Qe2 Nf6 11. e5 Nd5 12. a3 O-O 13. c4 Nc7 14. Nc3 f5 15.
exf6 Bxf6 16. Bb2 Qe7 17. Rad1 a5 18. Be4 Bxe4 19. Nxe4 Bxb2 20. Qxb2 d5 21.
Nd2 b5 22. cxd5 Nxd5 23. Ne4 b4 24. axb4 Qxb4 25. Qe5 Ra6 26. Rfe1 h6 27. g3
1/2-1/2

[Event "Bundesliga 0102"]
[Site "Deutschland"]
[Date "2002.03.16"]
[Round "10.6"]
[White "Graf, Alexander"]
[Black "Espig, Lutz"]
[Result "1-0"]
[WhiteElo "2610"]
[BlackElo "2421"]
[PlyCount "63"]
[EventDate "2001.10.06"]
[EventType "team"]
[EventRounds "15"]
[EventCountry "GER"]
[SourceTitle "Bundesliga 0102"]
[Source "DeepChess"]
[SourceDate "2005.01.01"]
[SourceVersion "1"]
[SourceVersionDate "2005.01.01"]
[SourceQuality "1"]
[WhiteTeam "SG Porz e.V."]
[BlackTeam "SK Koenig Plauen"]
[WhiteTeamCountry "GER"]
[BlackTeamCountry "GER"]

1. d4 Nf6 2. c4 d6 3. Nc3 Nbd7 4. e4 e5 5. Nf3 Be7 6. Be2 O-O 7. O-O c6 8. Re1
a6 9. Rb1 Qc7 10. b4 b5 11. a4 bxc4 12. Bxc4 a5 13. b5 cxb5 14. Nd5 Nxd5 15.
Bxd5 Rb8 16. axb5 Bb7 17. Ba3 Bxd5 18. exd5 e4 19. Nd2 f5 20. Qb3 Qb7 21. Rec1
Bg5 22. Bxd6 Bxd2 23. Rc7 Qa8 24. Rxd7 Rfd8 25. Bxb8 Rxd7 26. d6+ Rf7 27. Bc7
Kf8 28. b6 Bb4 29. Qe6 Rf6 30. Qe7+ Kg8 31. Qxf6 gxf6 32. d7 1-0

[Event "Bundesliga 0102"]
[Site "Deutschland"]
[Date "2002.03.16"]
[Round "10.7"]
[White "Kuraszkiewicz, Michael"]
[Black "Van den Doel, Erik"]
[Result "0-1"]
[WhiteElo "2350"]
[BlackElo "2607"]
[PlyCount "68"]
[EventDate "2001.10.06"]
[EventType "team"]
[EventRounds "15"]
[EventCountry "GER"]
[SourceTitle "Bundesliga 0102"]
[Source "DeepChess"]
[SourceDate "2005.01.01"]
[SourceVersion "1"]
[SourceVersionDate "2005.01.01"]
[SourceQuality "1"]
[WhiteTeam "SK Koenig Plauen"]
[BlackTeam "SG Porz e.V."]
[WhiteTeamCountry "GER"]
[BlackTeamCountry "GER"]

1. d4 Nf6 2. c4 g6 3. Nc3 Bg7 4. e4 d6 5. h3 O-O 6. Bg5 Qe8 7. Nf3 Na6 8. a3 e5
9. dxe5 dxe5 10. Qc2 c6 11. Be2 Nh5 12. Be3 Nf4 13. O-O Nxe2+ 14. Qxe2 f5 15.
Rad1 f4 16. Bc1 Nc5 17. Qc2 g5 18. b4 Na6 19. Rd3 Qe7 20. Bb2 h5 21. Rfd1 g4
22. hxg4 hxg4 23. Nh2 Be6 24. Ne2 Nc7 25. R1d2 Qg5 26. Qc3 Qg6 27. f3 gxf3 28.
Nxf3 Qxe4 29. Ng5 Qg6 30. Nxe6 Nxe6 31. Rd6 f3 32. Ng3 Qxg3 33. Rxe6 Qe1+ 34.
Kh2 Qh4+ 0-1

[Event "Bundesliga 0102"]
[Site "Deutschland"]
[Date "2002.03.16"]
[Round "10.8"]
[White "Nijboer, Friso"]
[Black "Dirr, Ulrich"]
[Result "1/2-1/2"]
[WhiteElo "2551"]
[BlackElo "2323"]
[PlyCount "94"]
[EventDate "2001.10.06"]
[EventType "team"]
[EventRounds "15"]
[EventCountry "GER"]
[SourceTitle "Bundesliga 0102"]
[Source "DeepChess"]
[SourceDate "2005.01.01"]
[SourceVersion "1"]
[SourceVersionDate "2005.01.01"]
[SourceQuality "1"]
[WhiteTeam "SG Porz e.V."]
[BlackTeam "SK Koenig Plauen"]
[WhiteTeamCountry "GER"]
[BlackTeamCountry "GER"]

1. e4 e6 2. d4 d5 3. Nc3 Bb4 4. e5 Ne7 5. a3 Bxc3+ 6. bxc3 c5 7. Qg4 O-O 8. Bd3
Nbc6 9. Qh5 Ng6 10. Nf3 Qc7 11. Be3 c4 12. Bxg6 fxg6 13. Qg4 Bd7 14. h4 Rf5 15.
Ng5 h6 16. Nh3 Be8 17. Qe2 Rf8 18. g4 Ne7 19. Qd2 Rc8 20. Nf4 Qd7 21. Ke2 Rc6
22. Rag1 Rb6 23. h5 Rb2 24. Qc1 Qb5 25. Qd2 Qa4 26. Rc1 Bf7 27. hxg6 Nxg6 28.
Ng2 Ne7 29. Nf4 Nc6 30. Kf1 Qxa3 31. Kg2 Qe7 32. f3 Na5 33. Rb1 Ra2 34. Kg3 Be8
35. Ng2 Qf7 36. Ne1 Qg6 37. Qc1 b6 38. Ra1 Rxa1 39. Qxa1 Nc6 40. Qc1 Ne7 41.
Bf4 Qf7 42. Be3 a5 43. Kf2 b5 44. Qd2 Qg6 45. Ke2 Qf7 46. Rh3 Ng6 47. Ng2 Qe7
1/2-1/2

[Event "Bundesliga 0102"]
[Site "Deutschland"]
[Date "2002.03.16"]
[Round "10.4"]
[White "Bunzmann, Dimitrij"]
[Black "Appel, Ralf"]
[Result "1/2-1/2"]
[WhiteElo "2509"]
[BlackElo "2512"]
[PlyCount "59"]
[EventDate "2001.10.06"]
[EventType "team"]
[EventRounds "15"]
[EventCountry "GER"]
[SourceTitle "Bundesliga 0102"]
[Source "DeepChess"]
[SourceDate "2005.01.01"]
[SourceVersion "1"]
[SourceVersionDate "2005.01.01"]
[SourceQuality "1"]
[WhiteTeam "Stuttgarter SF 1879"]
[BlackTeam "SV Castrop Rauxel 1923"]
[WhiteTeamCountry "GER"]
[BlackTeamCountry "GER"]

1. d4 Nf6 2. Nf3 e6 3. c4 Bb4+ 4. Nbd2 d5 5. a3 Be7 6. e3 O-O 7. Be2 b6 8. O-O
c5 9. b3 cxd4 10. Nxd4 Bb7 11. Bb2 Nc6 12. N2f3 dxc4 13. Bxc4 Na5 14. Be2 Qd5
15. Rc1 Rfc8 16. Qd3 Nd7 17. Qb1 Nf6 18. Rfd1 Rxc1 19. Rxc1 Rc8 20. Rxc8+ Bxc8
21. b4 Nc6 22. Nxc6 Qxc6 23. Nd4 Qc7 24. Qc1 Qxc1+ 25. Bxc1 a6 26. Bf3 Bd6 27.
Bb2 Kf8 28. h3 Nd7 29. Nc6 Nb8 30. Kf1 1/2-1/2

[Event "Bundesliga 0102"]
[Site "Deutschland"]
[Date "2002.03.16"]
[Round "10.5"]
[White "Gallagher, Joseph G"]
[Black "Buhmann, Rainer"]
[Result "0-1"]
[WhiteElo "2516"]
[BlackElo "2498"]
[PlyCount "116"]
[EventDate "2001.10.06"]
[EventType "team"]
[EventRounds "15"]
[EventCountry "GER"]
[SourceTitle "Bundesliga 0102"]
[Source "DeepChess"]
[SourceDate "2005.01.01"]
[SourceVersion "1"]
[SourceVersionDate "2005.01.01"]
[SourceQuality "1"]
[WhiteTeam "SV Castrop Rauxel 1923"]
[BlackTeam "Stuttgarter SF 1879"]
[WhiteTeamCountry "GER"]
[BlackTeamCountry "GER"]

1. e4 e6 2. d4 d5 3. Nc3 Nf6 4. Bg5 dxe4 5. Nxe4 Be7 6. Bxf6 gxf6 7. Nf3 b6 8.
Bc4 Bb7 9. Qe2 c6 10. O-O Nd7 11. Nh4 Nf8 12. Nf5 Ng6 13. Qe3 Qc7 14. Ng7+ Kd7
15. f4 f5 16. Ng5 Bxg5 17. fxg5 Raf8 18. Nh5 Kc8 19. Bb3 c5 20. c3 Kb8 21. Bd1
Rd8 22. Bf3 Bxf3 23. Rxf3 cxd4 24. cxd4 Qd6 25. Rd1 Ne7 26. Nf6 Nd5 27. Nxd5
Qxd5 28. Qf4+ Kb7 29. a3 Rc8 30. Rf2 Rc4 31. Re2 Rd8 32. h4 Rxd4 33. Rxd4 Qxd4+
34. Qxd4 Rxd4 35. g3 Kc6 36. Rc2+ Kd7 37. Kf2 Rd3 38. Re2 a5 39. Rc2 a4 40. Rc4
b5 41. Rc2 Rb3 42. Rd2+ Ke7 43. Rc2 Kf8 44. Kg2 Kg7 45. Kh2 h6 46. gxh6+ Kxh6
47. Rf2 Kg6 48. Kg2 f6 49. Re2 e5 50. Rf2 Kh5 51. Rxf5+ Kg4 52. Rxf6 Rxb2+ 53.
Kf1 b4 54. Ra6 Kf3 55. Rf6+ Kxg3 56. Rg6+ Kf3 57. Rf6+ Ke3 58. Rg6 b3 0-1

[Event "Bundesliga 0102"]
[Site "Deutschland"]
[Date "2002.03.16"]
[Round "10.6"]
[White "Schmittdiel, Eckhard"]
[Black "Watson, William N"]
[Result "1-0"]
[WhiteElo "2490"]
[BlackElo "2520"]
[PlyCount "71"]
[EventDate "2001.10.06"]
[EventType "team"]
[EventRounds "15"]
[EventCountry "GER"]
[SourceTitle "Bundesliga 0102"]
[Source "DeepChess"]
[SourceDate "2005.01.01"]
[SourceVersion "1"]
[SourceVersionDate "2005.01.01"]
[SourceQuality "1"]
[WhiteTeam "Stuttgarter SF 1879"]
[BlackTeam "SV Castrop Rauxel 1923"]
[WhiteTeamCountry "GER"]
[BlackTeamCountry "GER"]

1. e4 d6 2. d4 g6 3. c3 Bg7 4. Nf3 Nf6 5. Bd3 O-O 6. O-O b6 7. Be3 Bb7 8. Nbd2
c5 9. h3 e6 10. Re1 Nc6 11. a3 Nh5 12. b4 cxd4 13. cxd4 e5 14. Bg5 Qd7 15. d5
Ne7 16. Rc1 f6 17. Be3 f5 18. Bg5 fxe4 19. Nxe4 Bxd5 20. Bb5 Qxb5 21. Bxe7 Bxe4
22. Rxe4 Rf4 23. a4 Qe8 24. Qd5+ Kh8 25. Rc7 Rc8 26. Rxa7 Rxe4 27. Qxe4 Qf7 28.
Ng5 Qf4 29. Ra8 Qc1+ 30. Kh2 Nf6 31. Qe3 Qc6 32. Rxc8+ Qxc8 33. Qxb6 Qf5 34.
Nf7+ Kg8 35. Nxd6 Qf4+ 36. g3 1-0

[Event "Bundesliga 0102"]
[Site "Deutschland"]
[Date "2002.03.16"]
[Round "10.7"]
[White "Dinstuhl, Volkmar"]
[Black "Duppel, Matthias"]
[Result "0-1"]
[WhiteElo "2402"]
[BlackElo "2455"]
[PlyCount "74"]
[EventDate "2001.10.06"]
[EventType "team"]
[EventRounds "15"]
[EventCountry "GER"]
[SourceTitle "Bundesliga 0102"]
[Source "DeepChess"]
[SourceDate "2005.01.01"]
[SourceVersion "1"]
[SourceVersionDate "2005.01.01"]
[SourceQuality "1"]
[WhiteTeam "SV Castrop Rauxel 1923"]
[BlackTeam "Stuttgarter SF 1879"]
[WhiteTeamCountry "GER"]
[BlackTeamCountry "GER"]

1. d4 d5 2. c4 c6 3. Nf3 Nf6 4. e3 a6 5. Nbd2 Bf5 6. Be2 h6 7. O-O e6 8. b3
Nbd7 9. Bb2 Be7 10. a3 O-O 11. b4 Ne4 12. Nxe4 Bxe4 13. c5 Qc7 14. Nd2 Bh7 15.
Nb3 e5 16. dxe5 Nxe5 17. f4 Nd7 18. f5 Rfe8 19. Bd4 Bg5 20. Qd3 Re7 21. Qc3
Rae8 22. Rf3 Ne5 23. Rf2 Nd7 24. Rf3 Ne5 25. Rf2 Nc4 26. Bxc4 dxc4 27. Qxc4
Rxe3 28. Nd2 Qd7 29. Raf1 R3e4 30. Nxe4 Rxe4 31. Kh1 Rxd4 32. Qc2 Kh8 33. Re2
Bg8 34. Rfe1 f6 35. Re8 Kh7 36. R8e7 Qd5 37. Rxb7 Rd2 0-1

[Event "Bundesliga 0102"]
[Site "Deutschland"]
[Date "2002.03.16"]
[Round "10.8"]
[White "Berezovsky, Igor"]
[Black "Brendel, Oliver"]
[Result "1/2-1/2"]
[WhiteElo "2406"]
[BlackElo "2376"]
[PlyCount "65"]
[EventDate "2001.10.06"]
[EventType "team"]
[EventRounds "15"]
[EventCountry "GER"]
[SourceTitle "Bundesliga 0102"]
[Source "DeepChess"]
[SourceDate "2005.01.01"]
[SourceVersion "1"]
[SourceVersionDate "2005.01.01"]
[SourceQuality "1"]
[WhiteTeam "Stuttgarter SF 1879"]
[BlackTeam "SV Castrop Rauxel 1923"]
[WhiteTeamCountry "GER"]
[BlackTeamCountry "GER"]

1. Nf3 g6 2. c4 Nf6 3. Nc3 c5 4. e4 Nc6 5. d4 cxd4 6. Nxd4 Nxd4 7. Qxd4 d6 8.
Be2 Bg7 9. Be3 O-O 10. Qd2 Be6 11. Rc1 Qa5 12. O-O a6 13. f3 Rfc8 14. b3 b5 15.
Nd5 Qxd2 16. Bxd2 Nxd5 17. exd5 Bd4+ 18. Kh1 Bd7 19. Rfd1 Bf6 20. Be3 bxc4 21.
Bxc4 a5 22. a4 h5 23. Bb5 Bf5 24. Rxc8+ Rxc8 25. Rc1 Rxc1+ 26. Bxc1 Bc3 27. Kg1
e6 28. Bc4 Kf8 29. Bg5 Ke8 30. Bb5+ Kf8 31. Bc4 Ke8 32. Bb5+ Kf8 33. Bc4
1/2-1/2

[Event "Bundesliga 0102"]
[Site "Deutschland"]
[Date "2002.03.16"]
[Round "10.1"]
[White "Aronian, Levon"]
[Black "Khenkin, Igor"]
[Result "1-0"]
[WhiteElo "2562"]
[BlackElo "2579"]
[PlyCount "51"]
[EventDate "2001.10.06"]
[EventType "team"]
[EventRounds "15"]
[EventCountry "GER"]
[SourceTitle "Bundesliga 0102"]
[Source "DeepChess"]
[SourceDate "2005.01.01"]
[SourceVersion "1"]
[SourceVersionDate "2005.01.01"]
[SourceQuality "1"]
[WhiteTeam "SV Wattenscheid 1930"]
[BlackTeam "TV Tegernsee"]
[WhiteTeamCountry "GER"]
[BlackTeamCountry "GER"]

1. e4 c6 2. d3 d5 3. Nd2 g6 4. Ngf3 Bg7 5. g3 e5 6. Bg2 Ne7 7. O-O O-O 8. b4
Na6 9. a3 Nc7 10. Bb2 f6 11. Re1 b6 12. d4 dxe4 13. Rxe4 f5 14. Rxe5 Bxe5 15.
Nxe5 Bb7 16. c4 Rb8 17. Qb3 Ne8 18. c5+ Nd5 19. b5 Nef6 20. bxc6 Ba8 21. Qa2
Kg7 22. Ndc4 Qc7 23. Rc1 bxc5 24. dxc5 Kh6 25. Nd6 Ne7 26. Nef7+ 1-0

[Event "Bundesliga 0102"]
[Site "Deutschland"]
[Date "2002.03.16"]
[Round "10.2"]
[White "Ribli, Zoltan"]
[Black "Rustemov, Alexander"]
[Result "1/2-1/2"]
[WhiteElo "2564"]
[BlackElo "2607"]
[PlyCount "45"]
[EventDate "2001.10.06"]
[EventType "team"]
[EventRounds "15"]
[EventCountry "GER"]
[SourceTitle "Bundesliga 0102"]
[Source "DeepChess"]
[SourceDate "2005.01.01"]
[SourceVersion "1"]
[SourceVersionDate "2005.01.01"]
[SourceQuality "1"]
[WhiteTeam "TV Tegernsee"]
[BlackTeam "SV Wattenscheid 1930"]
[WhiteTeamCountry "GER"]
[BlackTeamCountry "GER"]

1. c4 f5 2. g3 Nf6 3. Bg2 d6 4. d4 g6 5. Nf3 Bg7 6. O-O O-O 7. Nc3 Nc6 8. d5
Na5 9. Nd2 c5 10. Rb1 a6 11. Qc2 Bd7 12. b3 Rb8 13. Bb2 b5 14. e3 Qc7 15. Ne2
bxc4 16. bxc4 Rb7 17. Bc3 Rfb8 18. Nf4 Rxb1 19. Rxb1 Rxb1+ 20. Qxb1 Ne8 21.
Bxg7 Nxg7 22. a3 Nb7 23. Qb2 1/2-1/2

[Event "Bundesliga 0102"]
[Site "Deutschland"]
[Date "2002.03.16"]
[Round "10.5"]
[White "Handke, Florian"]
[Black "Teske, Henrik"]
[Result "1-0"]
[WhiteElo "2384"]
[BlackElo "2486"]
[PlyCount "37"]
[EventDate "2001.10.06"]
[EventType "team"]
[EventRounds "15"]
[EventCountry "GER"]
[SourceTitle "Bundesliga 0102"]
[Source "DeepChess"]
[SourceDate "2005.01.01"]
[SourceVersion "1"]
[SourceVersionDate "2005.01.01"]
[SourceQuality "1"]
[WhiteTeam "SV Wattenscheid 1930"]
[BlackTeam "TV Tegernsee"]
[WhiteTeamCountry "GER"]
[BlackTeamCountry "GER"]

1. e4 c5 2. Nf3 e6 3. d4 cxd4 4. Nxd4 Nf6 5. Nc3 Bb4 6. e5 Nd5 7. Qg4 O-O 8.
Bh6 g6 9. Qg3 Nc6 10. Nxc6 bxc6 11. h4 Qa5 12. Rh3 Re8 13. h5 Rb8 14. Bd2 Nxc3
15. Bxc3 Bxc3+ 16. bxc3 Rb2 17. Kd2 d6 18. hxg6 fxg6 19. Rxh7 1-0

[Event "Bundesliga 0102"]
[Site "Deutschland"]
[Date "2002.03.16"]
[Round "10.6"]
[White "Stangl, Markus"]
[Black "Ellers, Holger"]
[Result "1-0"]
[WhiteElo "2457"]
[BlackElo "2444"]
[PlyCount "71"]
[EventDate "2001.10.06"]
[EventType "team"]
[EventRounds "15"]
[EventCountry "GER"]
[SourceTitle "Bundesliga 0102"]
[Source "DeepChess"]
[SourceDate "2005.01.01"]
[SourceVersion "1"]
[SourceVersionDate "2005.01.01"]
[SourceQuality "1"]
[WhiteTeam "TV Tegernsee"]
[BlackTeam "SV Wattenscheid 1930"]
[WhiteTeamCountry "GER"]
[BlackTeamCountry "GER"]

1. Nf3 Nf6 2. c4 e6 3. g3 d5 4. Bg2 Be7 5. O-O O-O 6. d4 c6 7. Qc2 b5 8. c5
Nbd7 9. Nbd2 a5 10. e4 b4 11. e5 Ne8 12. Re1 Nc7 13. Nf1 Re8 14. h4 f6 15. exf6
Bxf6 16. Bf4 Nb5 17. Qd2 Ra7 18. N1h2 Nf8 19. Ng4 Ng6 20. Bg5 Rf8 21. h5 Ne7
22. Nxf6+ gxf6 23. Bxf6 Rxf6 24. Qg5+ Ng6 25. hxg6 hxg6 26. Ne5 Rg7 27. Nxc6
Qf8 28. Qe3 Na7 29. Ne5 Rh7 30. a3 b3 31. Ng4 Nc6 32. Nxf6+ Qxf6 33. Qxb3 Nxd4
34. Qb8 Qf8 35. Rad1 Qxc5 36. Rxd4 1-0

[Event "Bundesliga 0102"]
[Site "Deutschland"]
[Date "2002.03.16"]
[Round "10.7"]
[White "Straeter, Timo"]
[Black "Gross, David2"]
[Result "0-1"]
[WhiteElo "2310"]
[BlackElo "2463"]
[PlyCount "84"]
[EventDate "2001.10.06"]
[EventType "team"]
[EventRounds "15"]
[EventCountry "GER"]
[SourceTitle "Bundesliga 0102"]
[Source "DeepChess"]
[SourceDate "2005.01.01"]
[SourceVersion "1"]
[SourceVersionDate "2005.01.01"]
[SourceQuality "1"]
[WhiteTeam "SV Wattenscheid 1930"]
[BlackTeam "TV Tegernsee"]
[WhiteTeamCountry "GER"]
[BlackTeamCountry "GER"]

1. e4 e5 2. Nf3 Nc6 3. Bb5 Nf6 4. d3 d6 5. c3 g6 6. O-O Bg7 7. Re1 O-O 8. Bg5
h6 9. Bh4 a6 10. Ba4 Qe8 11. Nbd2 Nh5 12. d4 b5 13. Bb3 exd4 14. cxd4 Nxd4 15.
Nxd4 Bxd4 16. Qc2 c5 17. Bd5 Rb8 18. e5 Bf5 19. Qc1 dxe5 20. Nf3 Nf4 21. Bb3 g5
22. Nxd4 cxd4 23. Bg3 Rc8 24. Qd1 Nd3 25. Qf3 Qd7 26. h4 g4 27. Qe2 Nxe1 28.
Rxe1 Rfe8 29. h5 Kg7 30. f3 e4 31. fxg4 Bxg4 32. Qf2 e3 33. Qf4 Bxh5 34. Rf1 f5
35. Qh4 Bg4 36. Bf4 Rc6 37. Qg3 Kh7 38. Re1 Re4 39. a3 e2 40. Bd2 d3 41. Qb8
Rc8 42. Qb6 Qd4+ 0-1

[Event "Bundesliga 0102"]
[Site "Deutschland"]
[Date "2002.03.16"]
[Round "10.8"]
[White "Kachiani Gersinska, Ketino"]
[Black "Thiel, Thomas"]
[Result "0-1"]
[WhiteElo "2453"]
[BlackElo "2314"]
[PlyCount "68"]
[EventDate "2001.10.06"]
[EventType "team"]
[EventRounds "15"]
[EventCountry "GER"]
[SourceTitle "Bundesliga 0102"]
[Source "DeepChess"]
[SourceDate "2005.01.01"]
[SourceVersion "1"]
[SourceVersionDate "2005.01.01"]
[SourceQuality "1"]
[WhiteTeam "TV Tegernsee"]
[BlackTeam "SV Wattenscheid 1930"]
[WhiteTeamCountry "GER"]
[BlackTeamCountry "GER"]

1. d4 Nf6 2. c4 g6 3. Nc3 d5 4. Nf3 Bg7 5. Qb3 dxc4 6. Qxc4 O-O 7. e4 a6 8. e5
b5 9. Qb3 Nfd7 10. e6 fxe6 11. Be3 Nb6 12. h4 b4 13. Qxb4 Nc6 14. Qc5 Qd6 15.
Ne4 Qd5 16. Rc1 Nxd4 17. Nxd4 Qxe4 18. Nc6 Nd5 19. Nxe7+ Nxe7 20. Qxe7 Bf6 21.
Qa3 Rb8 22. Qd3 Qb4+ 23. Bd2 Qxb2 24. h5 Rd8 25. Qe2 Qxc1+ 26. Bxc1 Bc3+ 27.
Qd2 Rxd2 28. Bxd2 Rb1+ 29. Ke2 Rb2 30. hxg6 Rxd2+ 31. Ke3 hxg6 32. Bd3 Kg7 33.
Rh4 Rxa2 34. Rg4 Bd7 0-1

[Event "Bundesliga 0102"]
[Site "Deutschland"]
[Date "2002.03.17"]
[Round "11.1"]
[White "Lutz, Christopher"]
[Black "Luther, Thomas"]
[Result "1-0"]
[WhiteElo "2643"]
[BlackElo "2604"]
[PlyCount "73"]
[EventDate "2001.10.06"]
[EventType "team"]
[EventRounds "15"]
[EventCountry "GER"]
[SourceTitle "Bundesliga 0102"]
[Source "DeepChess"]
[SourceDate "2005.01.01"]
[SourceVersion "1"]
[SourceVersionDate "2005.01.01"]
[SourceQuality "1"]
[WhiteTeam "SG Porz e.V."]
[BlackTeam "Erfurter SK"]
[WhiteTeamCountry "GER"]
[BlackTeamCountry "GER"]

1. e4 e6 2. d4 d5 3. Nc3 Nf6 4. Bg5 Be7 5. e5 Nfd7 6. Bxe7 Qxe7 7. f4 O-O 8.
Nf3 c5 9. dxc5 Nxc5 10. Bd3 f5 11. exf6 Qxf6 12. g3 Nc6 13. O-O Bd7 14. Qd2 h6
15. Rae1 Be8 16. Bb5 Ne7 17. Bxe8 Rfxe8 18. b4 Nd7 19. Nb5 Rec8 20. Nbd4 Nf8
21. g4 Nc6 22. g5 Qg6 23. Kh1 Nxd4 24. Nxd4 Rc7 25. f5 Qxg5 26. Qxg5 hxg5 27.
fxe6 Re8 28. Rf5 Rce7 29. Rxd5 Nxe6 30. Nf5 Rc7 31. Nd6 Ree7 32. Rde5 Rxc2 33.
Rxe6 Rxe6 34. Rxe6 b6 35. a3 Rc1+ 36. Kg2 Rc2+ 37. Kg1 1-0

[Event "Bundesliga 0102"]
[Site "Deutschland"]
[Date "2002.03.17"]
[Round "11.2"]
[White "Haba, Petr"]
[Black "Khalifman, Alexander"]
[Result "1/2-1/2"]
[WhiteElo "2482"]
[BlackElo "2699"]
[PlyCount "82"]
[EventDate "2001.10.06"]
[EventType "team"]
[EventRounds "15"]
[EventCountry "GER"]
[SourceTitle "Bundesliga 0102"]
[Source "DeepChess"]
[SourceDate "2005.01.01"]
[SourceVersion "1"]
[SourceVersionDate "2005.01.01"]
[SourceQuality "1"]
[WhiteTeam "Erfurter SK"]
[BlackTeam "SG Porz e.V."]
[WhiteTeamCountry "GER"]
[BlackTeamCountry "GER"]

1. d4 d5 2. c4 c6 3. Nf3 Nf6 4. Nc3 a6 5. e3 b5 6. b3 Bg4 7. Be2 e6 8. O-O Nbd7
9. h3 Bf5 10. Bb2 Bd6 11. Nh4 Be4 12. f3 Bg6 13. Nxg6 hxg6 14. cxd5 cxd5 15.
Bd3 O-O 16. a4 bxa4 17. Rxa4 Qb6 18. Qa1 Rfb8 19. Rxa6 Rxa6 20. Qxa6 Qxa6 21.
Bxa6 Rxb3 22. Nd1 Nb8 23. Be2 Nh5 24. g4 Ng3 25. Rf2 Nc6 26. Bf1 Nxf1 27. Kxf1
Na5 28. Rc2 Nc4 29. Ke2 f6 30. Bc3 Ra3 31. Bb2 Ra2 32. Kd3 Kf7 33. Bc3 Ra3 34.
Nb2 Nb6 35. Ke2 Ke7 36. Bd2 Ra2 37. Kd3 Kd7 38. Nd1 Ra3+ 39. Rc3 Ra2 40. Rc2
Ra3+ 41. Rc3 Ra2 1/2-1/2